000 00512cam a22002171 4500
001 sa 68008745
003 DLC
005 20260227112535.0
008 941010q19611962np 000 1 newo
010 _asa 68008745
025 _aPL480:N-240
035 _a(OCoLC)31253481
040 _aDLC
_cCU
_dCU
_dDLC
042 _apremarc
050 0 0 _aPL3801.N59
_bD6
100 1 _aDosta, Rāma Śaṅkara.
245 1 0 _aNugaḥ-kipā.
260 _c[1961 or 2]
300 _a58 p.
_c18 cm.
500 _aIn Newari.
999 _c82545
_d82545